1146 1141 1617 1395 1111 1520 1171 1674 1672 1692 1361 1864 1575 1027 1070 1480 1669 1320 1711 1773 1656 1199 1724 1903 1251 1294 1791 1881 1441 1223 1895 1729 1324 1849 1765 1858 1915 1247 1929 1034 1746 1792 1486 1901 1581 1439 1827 1039 1217 1186 1510 1403 1099 1062 1801 1208 1425 1081 1674 1838 1105 1731 1445 1082 1658 1645 1311 1592 1698 1440 1751 1043 1650 1087 1106 1578 1202 1143 1077 1309 1494 1904 1001 1217 1149 1196 1306 1076 1365 1278 1089 1684 1163 1938 1052 1977 1200 1352 1375 BCNSPRNW ULIB Ver.6.0+V

เปลี่ยนเป็นภาษาไทย

Change to English
 แสดงรายละเอียดบรรณานุกรม
  กลับหน้าหลัก

Brief Record : Get Marc (ISO 2709) : E-mail record : QR code < ปิดหน้าต่าง
LEADER : 00000nam 2200000uu 4500
001    13399121388
003     ULIB
008    121116s2549||||th 000 0 tha d
020    ^a9789748513393
020    ^a9748513394
035    ^a0608-0860
050 04 ^aQA76.5^bจ717ค
100 0  ^aเจนวิทย์ ศาสตร์โกมล.
245 10 ^aครบถ้วนเลือกซื้อเลือกใช้ Notebook /^cเจนวิทย์ ศาสตร์โกมล
250    ^aพิมพ์ครั้งที่ 1
260    ^aนนทบุรี :^bเสริมวิทย์ อินฟอร์เมชั่น เทคโนโลยี่,^c2549
300    ^a360 หน้า :^bภาพประกอบ ;^c21 ซม
650  7 ^aแล็ปท็อปคอมพิวเตอร์.
650  7 ^aแล็ปท็อปคอมพิวเตอร์^xการจัดซื้อ.
650  7 ^aคอมพิวเตอร์แบบพกพา.
650  7 ^aไมโครคอมพิวเตอร์.
945    ^p179^l0^i16671
995    ^aวิภา
999    ^aวิภา
รายการนี้ยังไม่มีแท็ก
คุณยังไม่ได้ล็อกอิน คุณสามารถมีกิจกรรมร่วมกับเว็บไซต์ได้ แต่ต้องล็อกอินก่อน ::
  ล็อกอิน

รายการสื่อสารสนเทศ

ลำดับที่ ประเภท เลขเรียก/บาร์โค้ด สถานที่ สถานะ
1. วิทยาศาสตร์การแพทย์ และสุขภาพ
วิทยาศาสตร์การแพทย์ และสุขภาพ
QA76.5 จ717ค  
  Barcode: 16671
ห้องสมุดวิทยาเขตสวรรค์ประชารักษ์
►หนังสือทั่วไป
บนชั้น

BibComment


ยังไม่เคยถูกคอมเมนท์

คอมเมนท์ทรัพยากรรายการนี้
  คอมเมนท์: ครบถ้วนเลือกซื้อ..


 Copyright 2026. Bcnsprnw @Library